Semi Conductor Electronics (Record no. 12943)

MARC details
000 -LEADER
fixed length control field 00238nam a2200109 4500
082 ## - DEWEY DECIMAL CLASSIFICATION NUMBER
Classification number GIB
100 ## - MAIN ENTRY--AUTHOR NAME
Personal name Gibson, James
245 ## - TITLE STATEMENT
Title Semi Conductor Electronics
260 ## - PUBLICATION, DISTRIBUTION, ETC. (IMPRINT)
Place of publication New York:
Name of publisher Mcgraw-Hill,
Year of publication 1966.
300 ## - PHYSICAL DESCRIPTION
Number of Pages 837p. ;
942 ## - ADDED ENTRY ELEMENTS (KOHA)
Koha item type Books
Holdings
Withdrawn status Lost status Home library Current library Date acquired Cost, normal purchase price Full call number Accession Number Koha item type
    Book Bank Section Book Bank Section 12/02/2020 37.00 GIB B1166 Books